00381nam a2200145Ia 4500008004100000020001500041041001200056082001600068100001500084245007300099260002500172300000800197650001400205700001600219221030s9999 xx 000 0 und d a0070589372 aEnglish a105.23bKru aH. Kruglak 0aSchaum`s Basic Mathematics with Applications to Science & Technology bTMHaNew Delhic2005 a488 aMCA Maths aJ. T. Moore